00433nam a2200121Ia 4500008004100000040001700041041001200058082001600070100005200086245009600138260006700234300001000301230917s9999||||xx |||||||||||||| ||und|| e187078aMAIN aEnglish a301.426 I8N aInternational Institute for Population Sciences 0aNational family health survey (MCH and family planning): Andhra Pradesh 1992:Summary report aBombaybInternational Institute for Population Scienceesc1994 a26 p.